000 00640cam a2200241 4500
008 090401t1997 xxu||||| |||| 00| 0 eng d
020 _a0632042060
035 _a(Sirsi) u80868
041 _aeng
050 _a692.3
100 _aWillis, Christopher J
245 _aSpecification writing for architects and surveyors
250 _a11th ed.
260 _aOxford
_bBlackwell Science
_c1997
300 _aiv, 152p. ; 25cm.
350 _a17.99
650 _aNATIONAL BUILDING SPECIFICATION
650 _aSPECIFICATION
690 _aQuantity surveying
_96263
700 _aWillis, J. Andrew
942 _n0
948 _c12/09/1997
999 _c96643
_d96643